ბათუმის შოთა რუსთაველის სახელმწიფო უნივერსიტეტის ბიბლიოთეკა

იაკობ გოგებაშვილი და ახალი ქართული ენა : (ბიბ.ჩანაწერი № 38276)

000 -ლიდერი
ფიქსირებული სიგრძის საკონტროლო ველი 01242nam a2200265Ia 4500
001 - საკონტროლო ნომერი
საკონტროლო ველი 4284
003 - საკონტროლო ნომრის იდენტიფიკატორი
საკონტროლო ველი GE_BSU
005 - ბოლო ოპერაციის თარიღი და დრო
საკონტროლო ველი 20191010163943.0
008 - ფიქსირებული სიგრძის მონაცემთა ელემენტები - ზოგადი ინფორმაცია
ფიქსირებული სიგრძის საკონტროლო ველი 181216s1973||||ge |||||||||||||| ||geo||
040 ## - კატალოგიზაციის წყარო
Transcribing agency GE_BSU
041 ## - ენის კოდი
Language code of text/sound track or separate title geo
080 ## - უნივერსალური ათობითი კლასიფიკაციის ინდექსი
Universal Decimal Classification number 37.01(479.22)(092) მ-47
100 ## - მთავარი ჩანაწერი - პიროვნების სახელი
Personal name მეგრელიძე, იოსებ
9 (RLIN) 114
245 ## - ცნობა სათაურის შესახებ
Title იაკობ გოგებაშვილი და ახალი ქართული ენა :
Remainder of title სახელმძღვანელოები, გრამატიკის საკითხები /
Statement of responsibility, etc რედ. ა. ჟორდანია.
250 ## - გამოცემის ცნობა
Edition statement მე-2 შევსებული გამოცემა.
264 ## - წარმოების, გამოცემის, დისტრიბუციის და სხვა ცნობები
გამოცემის, წარმოების, დისტრიბუციის... ადგილი თბილისი :
გამოცემის, წარმოების, დისტრიბუციის... სახელწოდება განათლება,
გამოცემის, წარმოების, დისტრიბუციის... თარიღი 1973.
300 ## - ფიზიკური აღწერა
Extent 173 გვ. :
Other physical details ილ. პორტრ. ;
Dimensions 21 სმ.
501 ## - შენიშვნა თანმხლებ მასალაზე
With note სახელთა საძიებელი: გვ. 224-231.
600 ## - SUBJECT ADDED ENTRY--PERSONAL NAME
Personal name გოგებაშვილი იაკობ
9 (RLIN) 2095
653 ## - INDEX TERM--UNCONTROLLED
Uncontrolled term ქართული ენა;
653 ## - INDEX TERM--UNCONTROLLED
Uncontrolled term გრამატიკის საკითხები.
700 ## - ADDED ENTRY--PERSONAL NAME
Personal name ჟორდანია, ა.
Relator term რედაქტორი
9 (RLIN) 4681
942 ## - ADDED ENTRY ELEMENTS (KOHA)
Koha item type წიგნი
Source of classification or shelving scheme
ეგზემპლარები
ჩამოწერის სტატუსი დაკარგული ეგზემპლარის სტატუსი კლასიფიკაციის წყარო ან თაროზე გაწყობის სქემა დაზიანების სტატუსი არ გაიცემა მუდმივი მდებარეობა (დაცვის ადგილი) ამჟამინდელი ადგილსამყოფელი თაროზე განთავსების ადგილი შეძენის თარიღი ღირებულება, შესყიდვის ნორმალური ფასი სრული შენახვის შიფრი შტრიხკოდი ბოლო ოპერაციის თარიღი ეგზემპლარის მიმდევრობითი ნომერი (კეტერი?) ფასის ძალაში შესვლის თარიღი ეგზემპლარის სახეობა საჯარო შენიშვნა
          ბათუმის შოთა რუსთაველის სახელმწიფო უნივერსიტეტის მთავარი ბიბლიოთეკა ბათუმის შოთა რუსთაველის სახელმწიფო უნივერსიტეტის მთავარი ბიბლიოთეკა წიგნსაცავი 2018-12-17 1.00 37.01(479.22)(092) მ-47 5989 2018-12-17 5989 2018-12-17 წიგნი 1 ლ.